Statistics for Countries Which Share The Official Currency

Click here to take the quiz!

General Stats

  • This quiz has been taken 37 times
  • The average score is 8 of 11

Answer Stats

HintAnswer% Correct
South KoreaNorth Korea
97%
BelarusRussia
93%
IcelandSweden
90%
KenyaSomalia
77%
TunisiaIraq
70%
SwitzerlandNiger
67%
PakistanNepal
63%
CubaPhilippines
63%
EstoniaPortugal
63%
TaiwanAustralia
53%
SyriaUnited Kingdom
40%

Score Distribution

Percentile by Number Answered

Percent of People with Each Score

Your Score History

You have not taken this quiz